| 000 | 00613nam a22002177a 4500 | ||
|---|---|---|---|
| 003 | BD-DhJNU | ||
| 005 | 20250811065346.0 | ||
| 008 | 250811b |||||||| |||| 00| 0 eng d | ||
| 020 | _a0395377757 | ||
| 040 |
_aBD-DhJNU _bENG _cBD-DhJNU _dBD-DhJNU |
||
| 082 |
_223 _a978.03 COK |
||
| 100 | _aConaway, James | ||
| 245 |
_aThe kingdom in the country / _cJames Conaway |
||
| 260 |
_aBoston : _bHoughton Mifflin Company, _c1987. |
||
| 300 |
_aii,293p. : _bill. ; _c24 cm. |
||
| 650 | _aAutobiographies | ||
| 650 | _aAutobiography | ||
| 650 | _aManners and customs | ||
| 650 | _aPublic lands | ||
| 942 |
_2ddc _cBK _n0 |
||
| 999 |
_c1984 _d1984 |
||